Δίκτυα υπολογιστών
Αποθηκεύτηκε σε:
| Κύριος συγγραφέας: | |
|---|---|
| Μορφή: | Βιβλίο |
| Γλώσσα: | Greek English |
| Δημοσίευση: |
Αθήνα :
Κλειδάριθμος,
c2003.
|
| Έκδοση: | 4η Aμερικάνικη έκδ. |
| Θέματα: | |
| Ετικέτες: |
Προσθήκη ετικέτας
Δεν υπάρχουν, Καταχωρήστε ετικέτα πρώτοι!
|
MARC
| LEADER | 00000cam a2200000 i 4500 | ||
|---|---|---|---|
| 001 | 1/35014 | ||
| 008 | 061002s2003 gr | ||| |||| ||gre|| | ||
| 020 | |a 9602096896 | ||
| 035 | |l 10085393 | ||
| 040 | |a GR-MyUa |b gre |e AACR2 | ||
| 041 | 1 | |a gre |h eng | |
| 082 | 7 | |a 004.6 |2 (22) | |
| 100 | 1 | |a Tanenbaum, Andrew S., |d 1944- | |
| 245 | 1 | 0 | |a Δίκτυα υπολογιστών / |c Andrew S. Tanenbaum ; μετάφραση Γ. Ξυλωμένος. |
| 250 | |a 4η Aμερικάνικη έκδ. | ||
| 260 | |a Αθήνα : |b Κλειδάριθμος, |c c2003. | ||
| 300 | |a 1028 σ. : |b πιν., σχημ. ; |c 25 εκ. | ||
| 500 | |a Το Παράρτημα Χίου διαθέτει την τέταρτη έκδοση, ανατυπώσεις 2005 και 2007. | ||
| 504 | |a Περιέχει βιβλιογραφία (σ. 968-989) και ευρετήριο. | ||
| 650 | 0 | |a Computer networks. | |
| 765 | 0 | 8 | |i Μετάφραση του: |t Computer networks / |
| 852 | |a INST |b CHIOS |e 20061002 |h 004.6 TAN |p 005200027129 |q 005200027129 |t BK |y 0 | ||
| 852 | |a INST |b CHIOS |e 20090805 |h 004.6 TAN |p 005200030010 |q 005200030010 |t BK |y 0 | ||
| 852 | |a INST |b CHIOS |e 20090805 |h 004.6 TAN |p 005200030015 |q 005200030015 |t BK |y 0 | ||
| 852 | |a INST |b CHIOS |e 20090803 |h 004.6 TAN |p 005200030018 |q 005200030018 |t BK |y 0 | ||
| 852 | |a INST |b CHIOS |e 20090803 |h 004.6 TAN |p 005200030019 |q 005200030019 |t BK |y 0 | ||
| 852 | |a INST |b LESVOS |e 20060511 |h 004.6 TAN |p 005100034934 |q 005100034934 |t BK |y 0 | ||
| 901 | |a BIBL2-2006-3 | ||
| 901 | |a BIBL2-2009-2 | ||
| 901 | |a BIBL1-2006-2 | ||
| 970 | |a ΚΑΡΑ |b ΓΙΑΣΕΜΗ |z 2006/05/11 | ||